Detalles MARC
| 000 -CABECERA |
| campo de control de longitud fija |
01368cam a2200301 a 4500 |
| 001 - NÚMERO DE CONTROL |
| campo de control |
000018411 |
| 005 - FECHA Y HORA DE LA ÚLTIMA TRANSACCIÓN |
| campo de control |
20200929165510.0 |
| 008 - DATOS DE LONGITUD FIJA--INFORMACIÓN GENERAL |
| campo de control de longitud fija |
711220s1971 xxc b 000 0 eng d |
| 020 ## - NÚMERO INTERNACIONAL ESTÁNDAR DEL LIBRO |
| Número Internacional Estándar del Libro |
0887500358 (hardcover) |
| 020 ## - NÚMERO INTERNACIONAL ESTÁNDAR DEL LIBRO |
| Número Internacional Estándar del Libro |
0887500366 (softcover) |
| 040 ## - FUENTE DE LA CATALOGACIÓN |
| Centro catalogador/agencia de origen |
DO-SdBNP |
| Lengua de catalogación |
eng |
| Centro/agencia transcriptor |
LC |
| Centro/agencia modificador |
BNPHU |
| 041 17 - CÓDIGO DE LENGUA |
| Código de lengua del texto/banda sonora o título independiente |
eng |
| Código de lengua original |
fre |
| Fuente del código |
Código de idioma MARC |
| 050 00 - SIGNATURA TOPOGRÁFICA DE LA BIBLIOTECA DEL CONGRESO |
| Número de clasificación |
E141 |
| Número de documento/Ítem |
.C513 |
| 082 ## - NÚMERO DE LA CLASIFICACIÓN DECIMAL DEWEY |
| Número de clasificación |
nn* |
| Número de documento/Ítem |
C453v |
| 049 ## - FONDOS LOCALES (OCLC) |
| Fondos de biblioteca |
BNGR |
| 100 1# - ENTRADA PRINCIPAL--NOMBRE DE PERSONA |
| Nombre de persona |
Champlain, Samuel de, |
| Fechas asociadas al nombre |
1567-1635. |
| 9 (RLIN) |
39860 |
| 245 10 - MENCIÓN DE TÍTULO |
| Título |
Voyages to New France : |
| Resto del título |
being a narrative of the many remarkable things that happened in the West Indies in the years 1599-1601, with an account of the manners and customs of the savages of Canada and a description of that country in the year 1603 / |
| Mención de responsabilidad, etc. |
Samuel de Champlain ; traducción Michael Macklem ; introducción Edward Miles. |
| 260 ## - PUBLICACIÓN, DISTRIBUCIÓN, ETC. |
| Lugar de publicación, distribución, etc. |
[Ottawa] : |
| Nombre del editor, distribuidor, etc. |
Oberon Press, |
| Fecha de publicación, distribución, etc. |
1971. |
| 300 ## - DESCRIPCIÓN FÍSICA |
| Extensión |
111 p. ; |
| Dimensiones |
21 cm. |
| 504 ## - NOTA DE BIBLIOGRAFÍA, ETC. |
| Nota de bibliografía, etc. |
Incluye referencias bibliográficas. |
| 651 #0 - PUNTO DE ACCESO ADICIONAL DE MATERIA--NOMBRE GEOGRÁFICO |
| Nombre geográfico |
West Indies |
| Subdivisión general |
Description And Travel |
| -- |
Early Works To 1800. |
| 9 (RLIN) |
39861 |
| 650 #0 - PUNTO DE ACCESO ADICIONAL DE MATERIA--TÉRMINO DE MATERIA |
| Término de materia o nombre geográfico como elemento de entrada |
Indians of north america |
| Subdivisión geográfica |
Canada. |
| 9 (RLIN) |
5433 |
| 651 #0 - PUNTO DE ACCESO ADICIONAL DE MATERIA--NOMBRE GEOGRÁFICO |
| Nombre geográfico |
New France |
| Subdivisión general |
Discovery And Exploration. |
| 9 (RLIN) |
39862 |
| 700 11 - PUNTO DE ACCESO ADICIONAL--NOMBRE DE PERSONA |
| Nombre de persona |
Champlain, Samuel de, |
| Fechas asociadas al nombre |
1567-1635. |
| Título de la obra |
Brief discours. English. 1971. |
| 9 (RLIN) |
39863 |
| 700 1# - PUNTO DE ACCESO ADICIONAL--NOMBRE DE PERSONA |
| Nombre de persona |
Macklem, Michael, |
| Término indicativo de función/relación |
tr. |
| 9 (RLIN) |
39864 |
| 700 1# - PUNTO DE ACCESO ADICIONAL--NOMBRE DE PERSONA |
| Nombre de persona |
Miles, Edward, |
| Término indicativo de función/relación |
introd. |
| 9 (RLIN) |
39865 |
| 910 ## - DATOS DE OPCIÓN DEL USUARIO (OCLC) |
| Datos de opción del usuario |
Catalogación derivada / LC |